Open Data Biblioteca Nacional de Portugal


República Portuguesa: Ministério da Cultura
Biblioteca Nacional de Portugal

Catálogo da BNP: acesso por Identificadores Unívocos
Registos Bibliográficos associados ao registo de autoridade

Etiqueta de registo: 00660cam 2200205 450
001 949060
003 http://id.bnportugal.gov.pt/bib/catbnp/949060
005 19990617000000.0
100 ## $a19990617d1868 m y0pory0103 ba
101 0# $apor
102 ## $aPT
105 ## $ay z 000yy
106 ## $ar
200 0# $aAmores d'um marinheiro$ecomedia em um acto de costumes populares ornada de musica$foriginal de Antonio Maria Antas Barbosa
210 #9 $aLisboa$cTyp. de Antonio José Germano,$d1868
215 ## $a24 p.$d16 cm
225 2# $aComedias e dramas$iTheatro familiar
500 10 $aAmores de um marinheiro
700 #1 $aBarbosa,$bAntónio Maria Antas,$fca 18--$3857979
801 #0 $aPT$bBN$gRPC
966 ## $lBN$mFGMON$sL. 5664//13 P.
997 ## $aBIBEOD

Etiqueta de registo: 00561cam 2200193 450
001 949123
003 http://id.bnportugal.gov.pt/bib/catbnp/949123
005 19990617122400.0
100 ## $a19990617d1868 m y0pory0103 ba
101 0# $apor
102 ## $aPT
105 ## $ay z 000yy
106 ## $ar
200 1# $aDoido... por conveniencia$e a comedia em um acto$foriginal de A. M. Antas Barbosa
210 #9 $aLisboa$cTyp. de Antonio José Germano,$d1868
215 ## $a20 p.$d16 cm
225 2# $aTheatro familiar
700 #1 $aBarbosa,$bAntónio Maria Antas,$fca 18--$3857979
801 #0 $aPT$bBN$gRPC
966 ## $lBN$mFGMON$sL. 5664//14 P.
997 ## $aBIBEOD

Etiqueta de registo: 00000ndm 2200025
001 2269343
003 http://id.bnportugal.gov.pt/bib/catbnp/2269343
100 ## $a20260220f18901944k y0pory01030103ba
101 0# $apor
102 ## $aPT
106 ## $ah
200 1# $aAmores d'um marinheiro$bMúsica manuscrita]$eComedia n'um acto$fMusica de Silva Negrão
210 #1 $d[Entre 1890 e 1944]
215 ## $a1 partitura (7 p.)$d22 x 30 cm
304 ## $aAutoria do texto recolhida da cota L. 5664//13 P.
317 ## $aEspólio de Alfredo Mântua
500 11 $aAmores d'um marinheiro.$rV, pf
501 1# $aComédias
675 ## $a78.089.6$vBN$zpor$3536969
700 #1 $aNegrão,$bJoão Carlos da Silva,$f1876-$399814
701 #1 $aBarbosa,$bAntónio Maria Antas,$fca 18--$4480$3857979
801 #0 $aPT$bBN$gRPC
966 ## $lBN$mMUSICA$sEMUS16 1607$x7
971 ## $cCatmusica2$d20260220
995 ## $aPRR2026 $d20260220$iCatmusica2

OpendataBNP@bnportugal.pt | Mais informação sobre acesso aos dados BNP